| 000 | 00369cam a2200145ua 4500 | ||
|---|---|---|---|
| 082 |
_a940 _bHAZ/MO |
||
| 100 | _aHazen, Charles Downer . | ||
| 245 |
_aModern Europe: upto 1945 / _cCharles Downer Hazen. _hTextual Documents |
||
| 260 |
_a : _bS.Chand & Sons , _c1963. |
||
| 300 | _a735 ; . | ||
| 504 | _a | ||
| 700 | 1 | _aVerma, S.P . | |
| 942 | _cBK | ||
| 999 |
_c707 _d707 |
||